[Event "EU-Cup 19th"]
[Site "Rethymno"]
[Date "2003.09.30"]
[Round "3.3"]
[White "Adams, Michael"]
[Black "Zhigalko, Sergei"]
[Result "1/2-1/2"]
[WhiteElo "2719"]
[BlackElo "2399"]
[Annotator "Erenburg,Sergey"]
[PlyCount "114"]
[EventDate "2003.09.28"]
[EventType "team-swiss"]
[EventRounds "7"]
[EventCountry "GRE"]
[SourceTitle "CBM 098"]
[Source "ChessBase"]
[SourceDate "2004.02.03"]
[SourceVersion "1"]
[SourceVersionDate "2004.02.03"]
[SourceQuality "1"]
[WhiteTeam "Paris NAO"]
[BlackTeam "Minsk Vesnianka"]
[WhiteTeamCountry "FRA"]
[BlackTeamCountry "BLR"]

1. e4 c5 2. Nf3 Nc6 3. Bb5 Qc7 {Quite a rare continuation in comparison to the following ones:} (3... Nf6 4. Nc3 Qc7 5. O-O Nd4 {0-1 Sokolov,A-Lautier,J/Aix les Bains 2003/CBM 97_01/[Erenburg] (32)}) (3... e6) (3... g6) (3... Na5 {is also possible.}) 4. O-O a6 $6 {seems to me quite strange. In many variations, white captures on c6- that's the main idea of 3.b5 variation. So, a7-a6 looks like losing the tempo.} (4... Nf6 5. Nc3 Nd4 {-see 3...f6 variation.}) 5. Bxc6 dxc6 6. a4 {White has other ways to fight for an advantage:} (6. d3 e5 7. a4 a5 8. Be3 (8. b3) 8... Nf6 9. h3 h6 10. Nbd2 Be6 11. c3 (11. b3) 11... Be7 12. d4 cxd4 13. cxd4 exd4 14. Nxd4 Bd7 15. Qc2 O-O $11 {0-1 Dovliatov,S-Kovalev,A/Minsk 2000/EXT 2001 (32)}) (6. h3 e5 7. d3 Ne7 8. a4 a5 9. Nh4 Ng6 10. Qh5 Nf4 11. Bxf4 exf4 12. e5 g6 13. Qe2 g5 14. Nf3 g4 15. hxg4 Bxg4 16. Nbd2 $14 {1-0 Moiseenko,A-Mochalov,E/Orel 1999/EXT 2001 (54)}) 6... Nf6 {Black tried also} (6... a5 7. d4 cxd4 8. Qxd4 Bg4 9. Ne5 Rd8 10. Qc3 Be2 11. Re1 e6 12. Nd2 Ba6 $11 {1-0 Balashov,Y-Dreev,A/Maikop 1998/CBM 66 (30)}) 7. d3 {is more flexible, than the following move, as it saves all the options for b1.} (7. Nc3 a5 8. e5 Nd5 9. Ne4 Bg4 $1 10. Nxc5 Bxf3 11. Qxf3 Qxe5 12. Nxb7 e6 13. c4 Nb4 14. d4 Qxd4 15. Be3 Qxc4 16. Qg3 Nd5 $17 {0-1 Kovalev,A-Zhigalko,S/69th ch-BLR, Minsk BLR 2003 (47)}) 7... a5 {not allowing white to fix black pawns on the queenside.} 8. Nbd2 $146 {This novelty is more flexible, than} (8. Bg5 Bg4 9. Nbd2 Nd7 10. c3 h6 11. Bh4 g5 12. Bg3 Qd8 13. Qb3 Qc8 14. d4 Bg7 15. h3 $14 {1-0 Karner,H-Heuer,V/Tallinn 1977/MCD (46)}) 8... g6 ({After} 8... e5 9. Nc4 Nd7 10. b3 Be7 11. Bb2 $14 {black's position is very passive. In addition, he has serious problems with light-squared bishop.}) 9. b3 {preparing to fianchette the dark-squared bishop. At the same time, white secures c4 stronghold.} Bg7 10. Bb2 O-O 11. Be5 Qd8 12. Nc4 {We can resume the results of the opening struggle as a successful for white. He has got a stabile positional advantage, thanks to a superior pawn structure and better located pieces.} b5 {Black isn't ready to suffer the knight on c4, so he drives it away. On the other hand, last black move weakens very much c5 and a5 pawns.} (12... Bg4 13. h3 Bxf3 14. Qxf3 $14) (12... Be6 13. Qe2 $14) 13. Ne3 Bh6 14. h3 {Prophylactic move, which is going to cover the g4 square.} Be6 {Black is trying to get his light-squared bishop into the game, but, it is still located quite passive.} 15. Qe1 $1 {Very strong move. White is going to put pressure on the a5 pawn to force black to play b5-b4.} (15. Qe2 Qb6) 15... Qb6 16. Bc3 $1 {[%cal Ye1a5,Ga4b5]} (16. Qc3 Nd7) 16... c4 $1 {Maybe this move isn't the best objectively, but, at least it changes the character of a struggle.} (16... b4 $2 17. Be5 $16 {[%csl Gc4][%cal Yf3d2,Yd2c4,Yf2f4]}) 17. bxc4 Bxe3 ({After} 17... bxc4 18. Nd4 $16 {white gets an obvious advantage.}) 18. fxe3 {After white eliminated black's dark-squared bishop he can use its absence through the attack on the black king.} bxc4 19. Ng5 (19. Rb1 {is also possible.} Qa6 20. Bxf6 exf6 21. d4 $16) 19... cxd3 20. cxd3 ({Bad is} 20. Nxe6 {, in view of} d2 $1) 20... Qc5 $8 {I think, the only move, that gives black some chances.} (20... Bb3 21. Rxf6 exf6 22. Nxh7 $40) (20... h6 21. Nxe6 fxe6 22. Rc1 $18) 21. e5 (21. Nxe6 fxe6 22. Bd4 Qc2 (22... Qb4 23. Qc1 $18) 23. Qb1 $16) 21... Nh5 {Again the only move, which is going to close the "h" file from white queen.} (21... Nd5 22. Bd4 Qb4 23. Qh4 h5 24. Qe4 Kg7 25. Nxe6+ fxe6 26. Rfb1 Nc3 (26... Qd2 27. Rb2) 27. Rxb4 Nxe4 28. Rb7 $18) (21... Nd7 22. Qh4 (22. Bd4 Qd5) 22... Qxe3+ 23. Kh1 h5 24. Nxe6 fxe6 25. Qxe7 $18) 22. Nxe6 fxe6 23. Rxf8+ Rxf8 24. Bxa5 ({White had a possibility to get a material advantage, which may be enough for a win, after} 24. d4 Qd5 25. Bxa5 c5 26. Bb6 cxd4 27. Bxd4 $18) 24... Qxe5 25. Bc3 Qd5 26. Qd2 Ng3 27. a5 Qh5 $1 {trying to create a counterplay.} 28. Re1 {White could win immediately after} (28. a6 $1 Ne2+ 29. Kh2 Rf2 30. Qe1 $1 (30. a7 Qf3 31. a8=Q+ Kf7 32. Rg1 Nxg1 $17) 30... Qf3 (30... Qh4 31. Qxe2 Rxe2 32. a7 $18) 31. Qxf2 Qxf2 32. a7 $18) 28... Qb5 29. Qa2 ({Probably stronger was} 29. Ba1 $5 Rf5 30. Qc3 e5 31. Qa3 $1 $18 {[%cal Ga5a6,Ga3e7]}) 29... Qd5 ({Black loses after} 29... Qxd3 30. Qxe6+ Rf7 31. Qxc6 Ne2+ (31... Rf1+ 32. Kh2) 32. Rxe2 Qxe2 33. Qe8+ Rf8 34. Qxe7 $18) 30. Qxd5 {White correctly goes on winning endgame. He has a powerful advnaced "a" pawn, which is supported by rook and bishop. These factors should give white a victory...} exd5 31. e4 {limitting the possibilities of the black knight.} dxe4 32. Re3 $2 {throwing away the advantage. Probably this mistake is time trouble one...} (32. dxe4 Nh5 33. Be5 $18) (32. Be5 Nf5) 32... Rf1+ $1 (32... Nf5 33. Rxe4 $18) 33. Kh2 Rc1 $1 {threatening f1.} 34. Rxg3 e3 $3 {Probably this move was overlooked by Michael.} ({Otherwise, black loses:} 34... Rxc3 35. dxe4 Rc4 36. Ra3 Rd4 37. a6 Rd8 38. a7 Ra8 39. Kg3 $18) 35. Rxe3 (35. Bb4 $5 c5 $1 36. Rxe3 cxb4 37. Rxe7 Ra1 {-the game.}) 35... Rxc3 36. Rxe7 Ra3 $8 (36... Rxd3 37. a6 $18) 37. Rc7 (37. Ra7 $2 Rxd3) 37... Rxa5 38. Rxc6 Ra3 {The best position for black's rook.} 39. Rd6 Kg7 {It is important not to allow white to cut the monarch on the 7-th rank.} 40. Kg3 h6 41. Kf3 Ra2 $1 {not allowing white to activate the king.} 42. Re6 Rd2 43. Re3 Kf6 44. g3 h5 $1 45. Ke4 g5 $1 {preparing the attack on white's "h" pawn.} 46. Kd5 Kf5 $1 ({Of course not} 46... Rh2 $4 47. g4 $1) 47. h4 {Other continuations don't imporve white's chaces:} (47. d4 Rh2) (47. Rf3+ Kg6 48. h4 (48. d4 Rh2 49. g4 hxg4 50. hxg4 Rg2 $11) 48... Rh2 $1 49. hxg5 Kxg5 50. d4 Kg4 51. Rd3 Rh3 $11) 47... gxh4 48. gxh4 Kg4 49. Re4+ Kf3 50. Kd4 ({Black gets draw after} 50. d4 {as well:} Ra2 51. Re1 Kg3 52. Rh1 Kg2 53. Rd1 Kg3 54. Ke6 Kxh4 55. d5 Kg3 56. d6 h4 57. d7 Ra8 58. d8=Q Rxd8 59. Rxd8 h3 $11) 50... Ra2 $1 51. Kc3 Rh2 52. Kd4 Ra2 53. Ke5 Ra5+ 54. Ke6 Ra3 $1 {After black succeeds to eliminate white's "d" pawn, the draw is very simple.} 55. Rd4 Ke3 56. Rd5 Rxd3 57. Rxh5 (57. Rxd3+ Kxd3 58. Kf5 Kd4 59. Kg5 Ke5 60. Kxh5 Kf6 $11) 57... Kf4 1/2-1/2

[Event "EU-Cup 19th"]
[Site "Rethymno"]
[Date "2003.10.01"]
[Round "4.3"]
[White "Zhigalko, Sergei"]
[Black "Aleksandrov, Aleksej"]
[Result "0-1"]
[WhiteElo "2399"]
[BlackElo "2659"]
[PlyCount "133"]
[EventDate "2003.09.28"]
[EventType "team-swiss"]
[EventRounds "7"]
[EventCountry "GRE"]
[SourceTitle "CBM 098"]
[Source "ChessBase"]
[SourceDate "2004.02.03"]
[SourceVersion "1"]
[SourceVersionDate "2004.02.03"]
[SourceQuality "1"]
[WhiteTeam "Minsk Vesnianka"]
[BlackTeam "Kiseljak"]
[WhiteTeamCountry "BLR"]
[BlackTeamCountry "BIH"]

1. e4 e5 2. Nf3 Nc6 3. d4 exd4 4. Nxd4 Nf6 5. Nxc6 bxc6 6. e5 Qe7 7. Qe2 Nd5 8. c4 Nb6 9. Nd2 a5 10. b3 a4 11. Bb2 axb3 12. axb3 Rxa1+ 13. Bxa1 Bb7 14. Bb2 Qg5 15. g3 Bb4 16. Bg2 O-O 17. f4 Qg6 18. Be4 Qh6 19. O-O d5 20. exd6 cxd6 21. Bd4 Nd7 22. Bg2 Nc5 23. Bf2 Qf6 24. Ne4 Nxe4 25. Qxe4 Qd8 26. Qe3 Bc5 27. Qd2 Bxf2+ 28. Qxf2 Qa5 29. Qe3 d5 30. cxd5 cxd5 31. Qd4 Re8 32. b4 Qa2 33. Rd1 h6 34. Qd2 Qb3 35. Re1 Rc8 36. Bh3 Rb8 37. Bg2 Ra8 38. Qd4 h5 39. Qb6 Qc3 40. Rd1 Qc8 41. Qc5 Qe8 42. Qf2 Qe7 43. b5 Ra5 44. Re1 Qd7 45. b6 Rb5 46. Qe3 Bc6 47. Qe7 Qxe7 48. Rxe7 Rxb6 49. Re5 Rb1+ 50. Kf2 Rb2+ 51. Kg1 Rd2 52. Rxh5 f6 53. f5 Bd7 54. g4 d4 55. Rh3 Kf7 56. Be4 Rb2 57. Ra3 Ke7 58. Ra6 Rb3 59. Bc6 Bc8 60. Ra8 Kd8 61. Bd5 Rb1+ 62. Kf2 Kc7 63. h4 Bd7 64. h5 Bb5 65. Ra7+ Kd6 66. Be6 Rb2+ 67. Ke1 0-1

[Event "EU-Cup 19th"]
[Site "Rethymno"]
[Date "2003.10.02"]
[Round "5.3"]
[White "Zhigalko, Sergei"]
[Black "Asmundsson, Ingvar"]
[Result "1-0"]
[WhiteElo "2399"]
[BlackElo "2321"]
[PlyCount "67"]
[EventDate "2003.09.28"]
[EventType "team-swiss"]
[EventRounds "7"]
[EventCountry "GRE"]
[SourceTitle "CBM 098"]
[Source "ChessBase"]
[SourceDate "2004.02.03"]
[SourceVersion "1"]
[SourceVersionDate "2004.02.03"]
[SourceQuality "1"]
[WhiteTeam "Minsk Vesnianka"]
[BlackTeam "Reykjavik Hellir"]
[WhiteTeamCountry "BLR"]
[BlackTeamCountry "ISL"]

1. e4 Nf6 2. e5 Nd5 3. d4 d6 4. Nf3 Bg4 5. Be2 Nc6 6. c4 Nb6 7. exd6 exd6 8. O-O Be7 9. b3 O-O 10. Nc3 Bf6 11. Be3 Re8 12. h3 Bh5 13. Rc1 d5 14. c5 Nc8 15. b4 a6 16. Qd2 N8a7 17. Rb1 Nb5 18. Nxb5 axb5 19. Rb3 Na7 20. g4 Bg6 21. Ne5 c6 22. Ra3 Bxe5 23. dxe5 Qb8 24. Bf4 b6 25. h4 h6 26. h5 Be4 27. Rg3 Re6 28. g5 hxg5 29. Rxg5 bxc5 30. Bg4 Rh6 31. f3 Bh7 32. Rxg7+ Kxg7 33. Bxh6+ Kh8 34. Qg5 1-0

[Event "EU-Cup 19th"]
[Site "Rethymno"]
[Date "2003.10.04"]
[Round "7.3"]
[White "Zhigalko, Sergei"]
[Black "Galkin, Alexander"]
[Result "1/2-1/2"]
[WhiteElo "2399"]
[BlackElo "2607"]
[PlyCount "34"]
[EventDate "2003.09.28"]
[EventType "team-swiss"]
[EventRounds "7"]
[EventCountry "GRE"]
[SourceTitle "CBM 098"]
[Source "ChessBase"]
[SourceDate "2004.02.03"]
[SourceVersion "1"]
[SourceVersionDate "2004.02.03"]
[SourceQuality "1"]
[WhiteTeam "Minsk Vesnianka"]
[BlackTeam "Norilsk Nikel"]
[WhiteTeamCountry "BLR"]
[BlackTeamCountry "RUS"]

1. e4 c6 2. d4 d5 3. e5 Bf5 4. Nd2 e6 5. Nb3 Nd7 6. Nf3 Bg6 7. Be2 Nh6 8. O-O Be7 9. Ne1 Nf5 10. Nd3 O-O 11. c3 Qb6 12. Bf4 Rac8 13. g4 Nh4 14. Bg3 Bxd3 15. Bxd3 c5 16. dxc5 Nxc5 17. Nxc5 Rxc5 1/2-1/2

[Event "Wch U14"]
[Site "Chalkidiki"]
[Date "2003.10.24"]
[Round "2"]
[White "Zhigalko, Sergei"]
[Black "Wu, Li"]
[Result "1-0"]
[WhiteElo "2460"]
[BlackElo "2182"]
[PlyCount "57"]
[EventDate "2003.10.23"]
[EventType "swiss"]
[EventRounds "11"]
[EventCountry "GRE"]
[SourceTitle "EXT 2004"]
[Source "ChessBase"]
[SourceDate "2003.11.25"]
[SourceVersion "1"]
[SourceVersionDate "2003.11.25"]
[SourceQuality "1"]

1. e4 c5 2. c3 e6 3. d4 d5 4. e5 Qb6 5. Nf3 Nc6 6. a3 Nh6 7. b4 cxb4 8. cxb4 Nf5 9. Be3 Bd7 10. Bd3 Nxe3 11. fxe3 a5 12. b5 Ne7 13. Nc3 Ng6 14. h4 Be7 15. h5 Nf8 16. O-O a4 17. Nxa4 Qa5 18. Nc5 Bxc5 19. dxc5 Bxb5 20. Ng5 Nd7 21. h6 g6 22. Bxb5 Qxb5 23. Rxf7 Qxc5 24. Qd4 Rxa3 25. Raf1 Ra6 26. Nxh7 Qb5 27. Qf4 Ra4 28. Qg5 Qd3 29. Qe7# 1-0

[Event "Wch U14"]
[Site "Chalkidiki"]
[Date "2003.10.25"]
[Round "3"]
[White "Potapov, Pavel"]
[Black "Zhigalko, Sergei"]
[Result "1/2-1/2"]
[WhiteElo "2267"]
[BlackElo "2460"]
[PlyCount "184"]
[EventDate "2003.10.23"]
[EventType "swiss"]
[EventRounds "11"]
[EventCountry "GRE"]
[SourceTitle "EXT 2004"]
[Source "ChessBase"]
[SourceDate "2003.11.25"]
[SourceVersion "1"]
[SourceVersionDate "2003.11.25"]
[SourceQuality "1"]

1. e4 c5 2. Nf3 Nc6 3. d4 cxd4 4. Nxd4 Nf6 5. Nc3 e5 6. Ndb5 d6 7. Bg5 a6 8. Na3 b5 9. Bxf6 gxf6 10. Nd5 f5 11. g3 fxe4 12. Bg2 Be6 13. Bxe4 Rc8 14. O-O Bg7 15. Qh5 Bxd5 16. Bxd5 Qd7 17. c3 O-O 18. Nc2 Ne7 19. Rad1 Rc5 20. Ne3 Nxd5 21. Rxd5 Rxd5 22. Nxd5 f5 23. Rd1 f4 24. Qh4 Kh8 25. gxf4 exf4 26. Nxf4 Qf5 27. Nh5 Be5 28. Rf1 Qf3 29. Ng3 Qf4 30. Qxf4 Rxf4 31. Re1 a5 32. Re4 Rf8 33. Kg2 Kg8 34. Ne2 Rb8 35. f4 Bg7 36. a3 b4 37. axb4 d5 38. Re7 axb4 39. Rd7 bxc3 40. bxc3 Rb2 41. Kf3 Bxc3 42. Rxd5 Bf6 43. h3 Kf7 44. Ng3 Rh2 45. Rd7+ Kg8 46. Kg4 Rg2 47. Rd3 Ra2 48. Ne4 Be7 49. Kf5 Kf7 50. Ng5+ Bxg5 51. Kxg5 Ra6 52. Rd7+ Kg8 53. f5 Rb6 54. h4 Ra6 55. Re7 Rb6 56. Re6 Rb7 57. Kf6 Rf7+ 58. Ke5 Ra7 59. Kf6 Rf7+ 60. Kg5 Ra7 61. h5 Kg7 62. h6+ Kf7 63. Rb6 Ra8 64. Rb7+ Kg8 65. Kf6 Rf8+ 66. Ke6 Re8+ 67. Re7 Ra8 68. Rg7+ Kh8 69. Rd7 Re8+ 70. Re7 Ra8 71. f6 Kg8 72. Rg7+ Kh8 73. Rd7 Rf8 74. Rd1 Kg8 75. Rg1+ Kh8 76. Rf1 Ra8 77. Rd1 Re8+ 78. Kf7 Rf8+ 79. Ke7 Rf7+ 80. Ke6 Rf8 81. Rd7 Re8+ 82. Kf7 Rf8+ 83. Ke7 Rf7+ 84. Ke6 Rf8 85. f7 Ra8 86. Ke7 Rf8 87. Kf6 Ra8 88. Rd6 Rf8 89. Ke6 Ra8 90. Rb6 Rd8 91. Ke7 Rd7+ 92. Ke6 Rd6+ 1/2-1/2

[Event "Wch U14"]
[Site "Chalkidiki"]
[Date "2003.10.26"]
[Round "4"]
[White "Zhigalko, Sergei"]
[Black "Jojua, Davit"]
[Result "1-0"]
[WhiteElo "2460"]
[BlackElo "2278"]
[PlyCount "79"]
[EventDate "2003.10.23"]
[EventType "swiss"]
[EventRounds "11"]
[EventCountry "GRE"]
[SourceTitle "EXT 2004"]
[Source "ChessBase"]
[SourceDate "2003.11.25"]
[SourceVersion "1"]
[SourceVersionDate "2003.11.25"]
[SourceQuality "1"]

1. e4 c5 2. c3 d6 3. d4 Nf6 4. Bd3 g6 5. Nf3 Bg7 6. h3 O-O 7. O-O Nc6 8. d5 Nb8 9. Bf4 h6 10. Re1 a6 11. a4 b6 12. Na3 Nbd7 13. Qc2 Bb7 14. Bh2 Kh7 15. Rad1 Ne8 16. Bg3 Nc7 17. h4 Nf6 18. Nc4 b5 19. Na5 Rb8 20. axb5 axb5 21. b4 c4 22. Be2 Ba8 23. Nd4 Qd7 24. Bf3 Rbe8 25. Nac6 Ng4 26. Qe2 Ne5 27. Nxe5 dxe5 28. Nc2 Qd6 29. h5 Bb7 30. Ra1 Ra8 31. Qe3 e6 32. Ra7 Rab8 33. Qc5 Rfd8 34. hxg6+ fxg6 35. Rd1 exd5 36. exd5 Qxc5 37. bxc5 Nxd5 38. Bxd5 Rxd5 39. Rxd5 Bxd5 40. Rxg7+ 1-0

[Event "Wch U14"]
[Site "Chalkidiki"]
[Date "2003.10.27"]
[Round "5"]
[White "Banusz, Tamas"]
[Black "Zhigalko, Sergei"]
[Result "1/2-1/2"]
[WhiteElo "2361"]
[BlackElo "2460"]
[PlyCount "52"]
[EventDate "2003.10.23"]
[EventType "swiss"]
[EventRounds "11"]
[EventCountry "GRE"]
[SourceTitle "EXT 2004"]
[Source "ChessBase"]
[SourceDate "2003.11.25"]
[SourceVersion "1"]
[SourceVersionDate "2003.11.25"]
[SourceQuality "1"]

1. d4 Nf6 2. c4 e6 3. Nf3 b6 4. g3 Ba6 5. Qa4 Bb7 6. Bg2 c5 7. dxc5 Bxc5 8. O-O O-O 9. Nc3 Be7 10. Bf4 a6 11. Rfd1 d6 12. Rd2 Qc7 13. Rad1 Rd8 14. Ne1 Nc6 15. b4 Nh5 16. Qb3 Nxf4 17. gxf4 Rac8 18. Ne4 Nb8 19. Qe3 h6 20. a3 d5 21. cxd5 Bxd5 22. f5 Bxe4 23. Rxd8+ Rxd8 24. Rxd8+ Qxd8 25. Qxe4 exf5 26. Qxf5 g6 1/2-1/2

[Event "Wch U14"]
[Site "Chalkidiki"]
[Date "2003.10.28"]
[Round "6"]
[White "Zhigalko, Sergei"]
[Black "Wang, Hao"]
[Result "1-0"]
[WhiteElo "2460"]
[BlackElo "2215"]
[PlyCount "97"]
[EventDate "2003.10.23"]
[EventType "swiss"]
[EventRounds "11"]
[EventCountry "GRE"]
[SourceTitle "EXT 2004"]
[Source "ChessBase"]
[SourceDate "2003.11.25"]
[SourceVersion "1"]
[SourceVersionDate "2003.11.25"]
[SourceQuality "1"]

1. e4 e5 2. Nf3 Nf6 3. d4 Nxe4 4. Bd3 d5 5. Nxe5 Nd7 6. Nxd7 Bxd7 7. O-O Qh4 8. c4 O-O-O 9. c5 g6 10. Nc3 Bg7 11. Ne2 Rde8 12. a4 Kb8 13. a5 a6 14. Qb3 Kc8 15. Qxd5 Bc6 16. Qb3 Rd8 17. Qxf7 Rhf8 18. Qxg7 Rxf2 19. Bxe4 Rxf1+ 20. Kxf1 Qxe4 21. Bf4 Rd7 22. Qh8+ Rd8 23. Qe5 Qxg2+ 24. Ke1 Rd7 25. Kd2 Kb8 26. Rg1 Qf3 27. Rg3 Qf1 28. Rg1 Qf3 29. Qe3 Qd5 30. Qc3 Qe4 31. Rg3 Ka7 32. Re3 Qb1 33. Be5 Rf7 34. Qc1 Qa2 35. Ra3 Qd5 36. Re3 Rf2 37. Qe1 Rf7 38. b3 Bb5 39. Qh4 Rd7 40. Kc2 Qg2 41. Qg3 Qf1 42. Nc3 Rf7 43. Nxb5+ axb5 44. Qe1 Rf2+ 45. Kc3 Qg2 46. Bxc7 Rc2+ 47. Kb4 Qd5 48. Be5 Ka6 49. Qf1 1-0

[Event "Wch U14"]
[Site "Chalkidiki"]
[Date "2003.10.29"]
[Round "7"]
[White "Gupta, Abhijeet"]
[Black "Zhigalko, Sergei"]
[Result "0-1"]
[WhiteElo "2294"]
[BlackElo "2460"]
[PlyCount "68"]
[EventDate "2003.10.23"]
[EventType "swiss"]
[EventRounds "11"]
[EventCountry "GRE"]
[SourceTitle "EXT 2004"]
[Source "ChessBase"]
[SourceDate "2003.11.25"]
[SourceVersion "1"]
[SourceVersionDate "2003.11.25"]
[SourceQuality "1"]

1. d4 d5 2. c4 e6 3. Nc3 c6 4. Nf3 dxc4 5. a4 Bb4 6. e3 b5 7. Bd2 a5 8. Rb1 Bd7 9. e4 Nf6 10. Qc2 Na6 11. e5 Nd5 12. Be2 Be7 13. O-O Nab4 14. Qe4 O-O 15. Qg4 f5 16. exf6 Bxf6 17. Ne5 Qc7 18. f4 Nc2 19. axb5 Nde3 20. Bxe3 Nxe3 21. Qh3 Nxf1 22. bxc6 Bxe5 23. dxe5 Qxc6 24. Rxf1 Rab8 25. Kh1 Rxb2 26. Qh4 Qc7 27. Bf3 Bc6 28. Ne4 Bxe4 29. Bxe4 g6 30. Qh3 Qxe5 31. Qa3 Rxf4 32. Rd1 Rf8 33. Bf3 c3 34. Rf1 Rxf3 0-1

[Event "Wch U14"]
[Site "Chalkidiki"]
[Date "2003.11.01"]
[Round "10"]
[White "Zhigalko, Sergei"]
[Black "Nepomniachtchi, Ian"]
[Result "1/2-1/2"]
[WhiteElo "2460"]
[BlackElo "2447"]
[PlyCount "218"]
[EventDate "2003.10.23"]
[EventType "swiss"]
[EventRounds "11"]
[EventCountry "GRE"]
[SourceTitle "EXT 2004"]
[Source "ChessBase"]
[SourceDate "2003.11.25"]
[SourceVersion "1"]
[SourceVersionDate "2003.11.25"]
[SourceQuality "1"]

1. e4 e6 2. d4 d5 3. e5 c5 4. c3 Qb6 5. Nf3 Bd7 6. a3 a5 7. Be2 Nc6 8. O-O Nh6 9. b3 cxd4 10. cxd4 Nf5 11. Bb2 Be7 12. a4 Rc8 13. Bb5 h5 14. Na3 g5 15. Nc2 g4 16. Nfe1 Bg5 17. Rb1 Nb4 18. Na3 Bxb5 19. Nxb5 Kd7 20. Nd3 Be7 21. Nxb4 axb4 22. Bc1 Rc6 23. Bf4 Rhc8 24. Rb2 Rg8 25. Rd2 Qa5 26. Rd3 Rg6 27. Qe2 Qa8 28. Rd2 Qa6 29. Rd3 Rg8 30. Rd2 Rgc8 31. Qd1 Qb6 32. Ra2 Rg8 33. Rd2 Rgc8 34. Ra2 f6 35. Qd2 Rc3 36. Rb2 h4 37. Qd1 g3 38. Rd2 fxe5 39. Bxe5 gxf2+ 40. Rdxf2 Ne3 41. Qb1 Rc2 42. Rxc2 Rxc2 43. Rf2 Qc6 44. Rxc2 Qxc2 45. Qxc2 Nxc2 46. Kf2 Na1 47. Ke2 Nxb3 48. g4 hxg3 49. Bxg3 Na5 50. h4 Nc6 51. Kd3 Bf6 52. Bf2 Ne7 53. h5 Bg7 54. Kc2 Bh6 55. Be1 Nf5 56. Bxb4 Bg7 57. Kd3 Ng3 58. Nd6 b6 59. h6 Bxh6 60. Nb5 Kc6 61. Na7+ Kb7 62. Nb5 Bg7 63. Be1 Nf5 64. Bd2 Ne7 65. Nd6+ Kc6 66. Nb5 Nf5 67. Na7+ Kb7 68. Nb5 Bh6 69. Bb4 Bf4 70. Be1 Ne7 71. Bb4 Nc6 72. Be1 Ka6 73. Kc3 Na5 74. Na3 Bd6 75. Nb5 Bh2 76. Kb4 Nc4 77. Kb3 Kb7 78. Na3 Nd6 79. Nb5 Ne4 80. Kc2 Bg3 81. Bb4 Ng5 82. Kd3 Nf3 83. Ke2 Ng5 84. Kd3 Nf7 85. Ke2 Bb8 86. Kd3 Nd8 87. Bd2 Nc6 88. Kc2 Kc8 89. Kd3 Kd7 90. Na3 Ke7 91. Nc2 Bd6 92. Ne3 Bb4 93. Bc1 Kd7 94. Nc2 Kc7 95. Na1 Kc8 96. Nb3 Kd7 97. Bf4 Bd6 98. Bg5 Ke8 99. Bd2 Bc7 100. Nc1 Kf7 101. Ne2 Kg6 102. Nc3 Kf5 103. Nb5 Bb8 104. Be1 Kg4 105. Bd2 Kf3 106. Be1 Bf4 107. Bh4 Bb8 108. Be1 Bh2 109. Bh4 Bf4 1/2-1/2

[Event "Moscow Aeroflot op-A"]
[Site "Moscow"]
[Date "2004.02.17"]
[Round "1"]
[White "Zhigalko, Sergei"]
[Black "Asrian, Karen"]
[Result "0-1"]
[WhiteElo "2493"]
[BlackElo "2599"]
[PlyCount "66"]
[EventDate "2004.02.17"]
[EventType "swiss"]
[EventRounds "9"]
[EventCountry "RUS"]
[SourceTitle "EXT 2005"]
[Source "ChessBase"]
[SourceDate "2004.11.15"]
[SourceVersion "1"]
[SourceVersionDate "2004.11.15"]
[SourceQuality "1"]

1. e4 c6 2. d4 d5 3. e5 Bf5 4. Nf3 e6 5. Be2 Nd7 6. O-O Bg6 7. Nbd2 Nh6 8. Nb3 Be7 9. Ne1 O-O 10. Nd3 Nf5 11. c3 Rc8 12. g4 Nh4 13. Bf4 Bxd3 14. Bxd3 c5 15. Bc2 cxd4 16. cxd4 f6 17. exf6 Nxf6 18. Bg3 Ne4 19. Bd3 Nf3+ 20. Kg2 a5 21. a4 Qb6 22. Bb5 Bg5 23. Qd3 Rf7 24. Rad1 Rcf8 25. Qc2 Nh4+ 26. Bxh4 Bxh4 27. f3 Ng5 28. Rd3 Qd8 29. Qd2 b6 30. Qe3 Rxf3 31. Rxf3 Rxf3 32. Qe5 Qf8 33. Nd2 Rf2+ 0-1

[Event "Moscow Aeroflot op-A"]
[Site "Moscow"]
[Date "2004.02.18"]
[Round "2"]
[White "Landa, Konstantin"]
[Black "Zhigalko, Sergei"]
[Result "1-0"]
[WhiteElo "2563"]
[BlackElo "2493"]
[PlyCount "97"]
[EventDate "2004.02.17"]
[EventType "swiss"]
[EventRounds "9"]
[EventCountry "RUS"]
[SourceTitle "EXT 2005"]
[Source "ChessBase"]
[SourceDate "2004.11.15"]
[SourceVersion "1"]
[SourceVersionDate "2004.11.15"]
[SourceQuality "1"]

1. e4 c5 2. Nf3 Nc6 3. d4 cxd4 4. Nxd4 Nf6 5. Nc3 e5 6. Ndb5 d6 7. Bg5 a6 8. Na3 b5 9. Nd5 Be7 10. Bxf6 Bxf6 11. c3 O-O 12. Nc2 Bg5 13. a4 bxa4 14. Rxa4 a5 15. Bb5 Bb7 16. O-O Ne7 17. Bc4 Bc6 18. Ra2 Rb8 19. Qd3 Kh8 20. Nxe7 Qxe7 21. Bd5 Bb5 22. c4 Bd7 23. b3 Qd8 24. Rfa1 a4 25. b4 Qb6 26. b5 f5 27. Rxa4 fxe4 28. Qe2 Qc5 29. Bxe4 Bg4 30. Qe1 Be6 31. Ne3 Rbc8 32. Bc6 g6 33. R1a2 Bh6 34. Nd5 Rf7 35. Ra8 Rxa8 36. Rxa8+ Kg7 37. Ne3 Bxe3 38. Qxe3 Qxe3 39. fxe3 Bxc4 40. Ra1 Rc7 41. Rb1 Bd3 42. Rb3 Bc4 43. Rb4 Bd3 44. h3 Bf5 45. Bd5 Rc1+ 46. Kh2 Rc8 47. b6 Rb8 48. b7 Bd7 49. Rb6 1-0